| 000 | 00695nam a2200169 a 4500 | ||
|---|---|---|---|
| 001 | 000045121 | ||
| 005 | 20201002045909.0 | ||
| 008 | 150204s2009 dr a 000 0 spa d | ||
| 040 |
_aDO-SdBNP _bspa _cBNPHU |
||
| 082 |
_axxxx _bxxxx |
||
| 100 | 1 |
_aAlmont, Miguel _qGenao Almonte, Alberto Miguel _973137 |
|
| 245 | 1 | 0 |
_aEn busca de mis sueños perdidos : _bla historia de Pamela y pelusa / _cAlberto Miguel Genao Almonte (Miguel Almont) ; prólogo Otto A. Vásquez ; ilustración Braulio Jorge Estrella. |
| 260 |
_a[s. l.] : _bImprenta Luger, _bCosbenatur, _c2009. |
||
| 300 |
_a47 p. : _bil. ; _c20 cm. |
||
| 700 | 1 |
_aVásquez, Otto A., _epról. _973138 |
|
| 700 | 1 |
_aEstrella, Braulio Jorge, _eil. _973139 |
|
| 999 |
_c44610 _d44610 |
||